|
|
|
|
| LEADER |
00000cam a2200000 7i4500 |
| 001 |
0000078747 |
| 005 |
20130327093000.0 |
| 008 |
110615s2012 inu eng |
| 020 |
|
|
|a 111806688X (paperback : alk. paper)
|
| 020 |
|
|
|a 1118172914 (ebook)
|
| 020 |
|
|
|a 1118172930 (ebook)
|
| 020 |
|
|
|a 9781118066881 (paperback : alk. paper)
|
| 020 |
|
|
|a 9781118172919 (ebook)
|
| 020 |
|
|
|a 9781118172933 (ebook)
|
| 050 |
0 |
0 |
|a QA76.73.P224
|b T37 2011
|
| 090 |
0 |
0 |
|a QA76.73.P224
|b T37 2011
|
| 100 |
1 |
|
|a Tarr, Andrea ,
|e author
|
| 245 |
1 |
0 |
|a PHP and MySQL :
|b 24-hour trainer
|c Andrea Tarr
|
| 260 |
|
|
|a Indianapolis, Indiana :
|b John Wiley & Sons ,
|c c2012
|
| 300 |
|
|
|a xxi, 479 p. :
|b ill. ;
|c 24 cm.
|e 1 DVD (4 3/4 in.)
|
| 500 |
|
|
|a "Wrox programmer to programmer" -- Cover
|
| 500 |
|
|
|a Includes index
|
| 505 |
0 |
|
|a 1. Geeting started with PHP -- 2. Working with PHP controls, functions, and forms -- 3. Objects and classes -- 4. Preventing problems -- 5. Using database -- 6. Putting it all together
|
| 650 |
|
0 |
|a MySQL (Electronic resource)
|
| 650 |
|
0 |
|a PHP (Computer program language)
|
| 999 |
|
|
|a 1000152705
|b Book
|c Close Access
|e Gong Badak Campus
|
| 999 |
|
|
|a 1000152706
|b CD-ROM
|c OPEN SHELF (30 DAYS)
|e Gong Badak Campus
|